Joueur FC Nantes - Statistiques

Statistiques générales
  • Ce quiz a été pris 99 fois
  • Le résultat moyen est 15 sur 22
Statistiques - réponses
Par images Réponse % Correct
Ludovic Blas
96%
Randal Kolo-Muani
95%
Quentin Merlin
93%
Moses Simon
90%
Mickaël Landreau
88%
Adrien Thomasson
83%
Yacine Bammou
83%
Diego Carlos
81%
Ciprian Tatarusanu
77%
Imran Louza
77%
Lucas Deaux
71%
Nathan Zézé
69%
Alejandro Bedoya
64%
Claude Makelele
64%
Oswaldo Vizcarrondo
62%
Japhet N'Doram
58%
Renaud Emond
58%
Lohann Doucet
57%
Gor Manvelyan
44%
René Krhin
40%
Filip Djordjevic
39%
Cristian Benavente
35%
Aucun quiz correspondant
Distribution des résultats
% des personnes avec chaque résultat
Percentile par nombre de réponses
Votre historique - résultats
Vous n’avez pas pris ce quiz